000 00498nam a2200181Ia 4500
008 151202s9999||||xx |||||||||||||| ||und||
082 _bPNVM-53250
100 _aबेडेकर विश्राम.
245 _aरणांगण.
260 _b---
260 _c0
300 _a0
600 _aबेडेकर विश्राम.
630 _aरणांगण.
700 _aबेडेकर विश्राम.
730 _aरणांगण.
942 _cBOOK
999 _c1319789
_d1319786